ALAI entrevista a la izquierda chilena: características de la clase dominante
Guardado en:
| 格式: | Texto |
|---|---|
| 主題: | |
| 標簽: |
添加標簽
沒有標簽, 成為第一個標記此記錄!
|
MARC
| LEADER | 00000 a a2200000 04500 | ||
|---|---|---|---|
| 001 | 18063 | ||
| 003 | |||
| 040 | |||
| 245 | |a ALAI entrevista a la izquierda chilena: características de la clase dominante | ||
| 650 | |a IZQUIERDA | ||
| 650 | |a CLASE DIRIGENTE | ||
| 650 | |a CLASE OBRERA | ||
| 650 | |a CAMPESINADO | ||
| 650 | |a CHILE | ||
| 773 | |g volumen 5, número 23; páginas 267-270 | ||
| 999 | |c 19998 |d 19998 | ||
| 773 | 0 | |0 42391 |9 3908 |a Agencia Latinoamericana de Información, ALAI |d Quito, Ecuador: ALAI |o 04119 |t ALAI: |x 08275564 (Servicio mensual de información y documentación) | |
